[Event "TUR-chT Superleague 2018"]
[Site "Ankara"]
[Date "2018.08.01"]
[Round "8"]
[White "Kamer, Kayra"]
[Black "Tarlabasi, Emirhan"]
[Result "1-0"]
[WhiteElo "2208"]
[BlackElo "2174"]
[Annotator "NA"]
[PlyCount "176"]
[EventDate "2018.07.25"]
[EventType "team-tourn"]
[EventCountry "TUR"]
[SourceTitle "playchess.com"]
[Source "ChessBase"]
[SourceQuality "1"]
[TimeControl "40/5400+30:1800+30"]

1. g3 d5 2. Bg2 Nf6 3. d3 e6 4. e4 Be7 5. Nc3 O-O 6. f4 dxe4 7. dxe4 Qxd1+ 8. Nxd1 Nbd7 9. e5 Nd5 10. Ne3 N7b6 11. Nxd5 Nxd5 12. c4 Nb4 13. Be4 Bd7 14. Nf3 Bc6 15. Bxc6 Nxc6 16. Ke2 a5 17. Be3 a4 18. Rhd1 Rfd8 19. Nd4 Nxd4+ 20. Bxd4 Kf8 21. Ke3 Ke8 22. Ke4 Rd7 23. Bc3 Rxd1 24. Rxd1 Rd8 25. Rf1 c6 26. Ba5 Rd7 27. b3 Bc5 28. Bc3 b5 29. cxb5 cxb5 30. Rc1 axb3 31. axb3 Bb6 32. Ra1 Ra7 33. Rd1 Rd7 34. Bd4 Bd8 35. Ra1 Rb7 36. Bc5 g6 37. g4 f5+ 38. exf6 Bxf6 39. Ra8+ Kf7 40. Rf8+ Kg7 41. g5 Bb2 42. Rc8 h5 43. gxh6+ Kxh6 44. Rc6 Kh5 45. Rxe6 Rf7 46. Bd6 Rf5 47. Be5 Bc1 48. Rb6 Rf7 49. Rxb5 Kg4 50. Rb6 g5 51. fxg5 Bxg5 52. b4 Rf2 53. Rb7 Re2+ 54. Kd5 Rd2+ 55. Ke6 Re2 56. Kd5 Rd2+ 57. Kc4 {[%emt 0:58:30]} Kf5 {[%emt 2:27:52]} 58. Bg3 {[%emt 0:00:30]} Ke6 {[%emt 0:00:30]} 59. Kb5 {[%emt 0:00:30]} Be7 {[%emt 0:00:30]} 60. Rc7 {[%emt 0:00:30]} Rd5+ {[%emt 0:00:20]} 61. Kc4 {[%emt 0:01:30]} Rd1 {[%emt 0:00:30]} 62. b5 {[%emt 0:00:30]} Rc1+ {[%emt 0:00:30]} 63. Kd3 {[%emt 0:00:30]} Rb1 {[%emt 0:00:30]} 64. Rb7 {[%emt 0:00:30]} Bd8 {[%emt 0:00:36]} 65. Kc2 {[%emt 0:00:00]} Rb4 {[%emt 0:00:23]} 66. Kc3 {[%emt 0:01:00]} Ba5 {[%emt 0:00:40]} 67. Kd3 {[%emt 0:01:30]} Kd5 {[%emt 0:00:38]} 68. Rd7+ {[%emt 0:00:30]} Ke6 {[%emt 0:00:35]} 69. Rd6+ {[%emt 0:00:00]} Ke7 {[%emt 0:00:09]} 70. Rd5 {[%emt 0:00:00]} Rb2 {[%emt 0:01:14]} 71. Ke4 {[%emt 0:00:30]} Ke6 {[%emt 0:00:30]} 72. Re5+ {[%emt 0:00:30]} Kf6 {[%emt 0:00:00]} 73. Rc5 {[%emt 0:00:30]} Ke6 {[%emt 0:00:26]} 74. h4 {[%emt 0:02:30]} Rb4+ {[%emt 0:00:33]} 75. Kf3 {[%emt 0:00:00]} Kf6 {[%emt 0:00:32]} 76. Be5+ {[%emt 0:00:00]} Ke6 {[%emt 0:00:31]} 77. Bf4 {[%emt 0:00:30]} Kf7 {[%emt 0:00:29]} 78. Kg4 {[%emt 0:00:30]} Bb6 {[%emt 0:00:49]} 79. Rf5+ {[%emt 0:00:30]} Ke6 {[%emt 0:00:11]} 80. h5 {[%emt 0:02:30]} Rb1 {[%emt 0:00:28]} 81. Re5+ {[%emt 0:01:30]} Kf6 {[%emt 0:00:49]} 82. Rd5 {[%emt 0:00:00]} Kg7 {[%emt 0:00:13]} 83. h6+ {[%emt 0:00:00]} Kg8 {[%emt 0:00:28]} 84. Kf5 {[%emt 0:00:30]} Rf1 {[%emt 0:00:26]} 85. Re5 {[%emt 0:01:30]} Kf7 {[%emt 0:00:34]} 86. h7 {[%emt 0:02:30]} Rh1 {[%emt 0:00:20]} 87. Re6 {[%emt 0:01:30]} Rh5+ {[%emt 0:01:03]} 88. Kg4 {[%emt 0:00:00]} Bd4 {[%emt 0:00:39]} 1-0

[Event "TUR-chT Superleague 2018"]
[Site "Ankara"]
[Date "2018.08.01"]
[Round "8"]
[White "Eren, Ataberk"]
[Black "Kilic, Efe Mert"]
[Result "0-1"]
[WhiteElo "2193"]
[BlackElo "2317"]
[Annotator "NA"]
[PlyCount "78"]
[EventDate "2018.07.25"]
[EventType "team-tourn"]
[EventCountry "TUR"]
[SourceTitle "playchess.com"]
[Source "ChessBase"]
[SourceQuality "1"]
[TimeControl "40/5400+30:1800+30"]

1. e4 d6 2. d4 Nf6 3. Nc3 g6 4. Be3 Bg7 5. h3 c6 6. Nf3 O-O 7. Bd3 Nbd7 8. Qd2 e5 9. O-O Qc7 10. a4 Re8 11. Rfe1 exd4 12. Bxd4 Ne5 13. Be2 b6 14. b4 Bb7 15. a5 Rad8 16. b5 c5 17. Bxe5 dxe5 18. Qe3 Rd4 19. axb6 axb6 20. Nd2 Red8 21. Rad1 Ne8 22. Bc4 Nd6 23. Bd5 Qd7 24. f3 Nxb5 25. Nxb5 Bxd5 26. Nxd4 exd4 27. Qd3 Be6 28. Rb1 Qc7 29. Qb5 Rb8 30. Nc4 Qg3 31. Nxb6 Bxh3 {[%emt 1:41:08]} 32. Qf1 {[%emt 1:44:56]} d3 {[%emt 0:00:30]} 33. e5 {[%emt 0:00:30]} dxc2 {[%emt 0:00:30]} 34. Rbc1 {[%emt 0:00:30]} Rxb6 {[%emt 0:00:44]} 35. Kh1 {[%emt 0:01:05]} Bf5 {[%emt 0:00:30]} 36. Qe2 {[%emt 0:00:30]} Rb1 {[%emt 0:00:30]} 37. Qe3 {[%emt 0:00:30]} Qh4+ {[%emt 0:00:30]} 38. Kg1 {[%emt 0:00:01]} Qd4 {[%emt 0:00:35]} 39. Kf2 {[%emt 0:00:45]} Bh6 {[%emt 0:00:09]} 0-1

[Event "TUR-chT Superleague 2018"]
[Site "Ankara"]
[Date "2018.08.01"]
[Round "8"]
[White "Isik, Alparslan"]
[Black "Shevchenko, Kirill"]
[Result "1/2-1/2"]
[WhiteElo "2187"]
[BlackElo "2554"]
[Annotator "TA"]
[PlyCount "69"]
[EventDate "2018.07.25"]
[EventType "team-tourn"]
[EventCountry "TUR"]
[SourceTitle "playchess.com"]
[Source "ChessBase"]
[SourceQuality "1"]

{[%evp 20,69,37,45,42,30,56,57,72,73,72,75,70,47,58,44,47,54,44,0,0,0,0,0,0,0,0,0,0,0,0,0,0,0,0,0,0,0,0,0,1,0,0,0,0,0,0,0,0,0,0,0]} 1. d4 Nf6 2. c4 g6 3. Nc3 Bg7 4. e4 d6 5. Nf3 O-O 6. Be2 e5 7. O-O Na6 8. Re1 c6 9. d5 Nc5 {E94: Königsindisch (Klassisches System)} 10. Qc2 (10. Nd2 a5 11. b3 Bh6 12. Qc2 Ng4 13. Nf1 Bxc1 14. Raxc1 Nh6 15. Qd2 Kg7 16. dxc6 bxc6 17. Red1 {1-0 (45) Aronian,L (2793)-Jobava,B (2707) Leuven 2017}) 10... cxd5 11. cxd5 {LiveBook: 7 Partien} Qc7 {Mit der Idee ...Scxe4!Weiß steht etwas besser.} 12. Nb5 Qe7 13. Bg5 h6 $146 ({Vorgänger:} 13... Bd7 14. b4 Na6 15. Qb3 h6 16. Bxf6 Bxf6 17. Rac1 Bxb5 18. Bxb5 {½-½ (48) Nyvlt,Z (2432)-Pravec,L (2365) ICCF email 2015}) 14. Bxf6 $1 Bxf6 15. Rac1 Na6 16. Qc3 Bd7 17. Qa3 Bxb5 $1 18. Bxb5 Nc7 19. Qa5 Nxb5 {Die Stellung ist ausgeglichen.} 20. Qxb5 Rfc8 21. Rc4 Rc7 22. Rec1 Rac8 23. g3 h5 24. h4 Rxc4 25. Rxc4 Rxc4 26. Qxc4 Qd7 27. Kg2 Bd8 28. a4 Kf8 29. Qb4 {Weiss will Sxe5 spielen.} Ke8 30. Nd2 Bxh4 31. gxh4 {[#] f3 ist eine echte Drohung.} Qg4+ 32. Kf1 Qd1+ 33. Kg2 Qg4+ 34. Kf1 Qd1+ 35. Kg2 {Precision: Weiß = 73%, Schwarz = 92%.} 1/2-1/2

[Event "TUR-chT Superleague 2018"]
[Site "Ankara"]
[Date "2018.08.01"]
[Round "8"]
[White "Gunduz, Umut Erdem"]
[Black "Cansun, Can Alp"]
[Result "0-1"]
[WhiteElo "2174"]
[BlackElo "1990"]
[Annotator "NA"]
[PlyCount "72"]
[EventDate "2018.07.25"]
[EventType "team-tourn"]
[EventCountry "TUR"]
[SourceTitle "playchess.com"]
[Source "ChessBase"]
[SourceQuality "1"]
[TimeControl "40/5400+30:1800+30"]

1. e4 c5 2. Nf3 e6 3. d4 cxd4 4. Nxd4 Nc6 5. Nc3 Qc7 6. Be3 a6 7. a3 Nf6 8. Nb3 b5 9. f4 d6 10. g4 h6 11. Bg2 Bb7 12. Qe2 Be7 13. h4 h5 14. g5 Ng4 15. Rh3 Nxe3 16. Rxe3 Na5 17. Nxa5 Qxa5 18. O-O-O b4 19. axb4 Qxb4 20. Nd5 exd5 21. exd5 O-O 22. Rxe7 Bc8 23. Qe4 Qa5 24. Kb1 Rb8 25. g6 fxg6 26. Qxg6 Qc3 27. Kc1 Qxb2+ 28. Kd2 Bf5 {[%emt 1:43:12]} 29. Qg5 {[%emt 1:43:52]} Qxc2+ {[%emt 0:00:30]} 30. Ke1 {[%emt 0:00:30]} Qc3+ {[%emt 0:00:30]} 31. Kf2 {[%emt 0:00:23]} Bg4 {[%emt 0:00:56]} 32. Rde1 {[%emt 0:00:30]} Qd4+ {[%emt 0:00:30]} 33. Kg3 {[%emt 0:00:30]} Rf5 {[%emt 0:00:30]} 34. Re8+ {[%emt 0:00:30]} Rxe8 {[%emt 0:00:30]} 35. Rxe8+ {[%emt 0:00:10]} Kh7 {[%emt 0:00:12]} 36. Be4 {[%emt 0:01:19]} Qg1+ {[%emt 0:00:01]} 0-1

[Event "TUR-chT Superleague 2018"]
[Site "Ankara"]
[Date "2018.08.01"]
[Round "8"]
[White "Tofan, Ibrahim"]
[Black "Ozoglu, Berker"]
[Result "1/2-1/2"]
[WhiteElo "2169"]
[BlackElo "1843"]
[Annotator "NA"]
[PlyCount "122"]
[EventDate "2018.07.25"]
[EventType "team-tourn"]
[EventCountry "TUR"]
[SourceTitle "playchess.com"]
[Source "ChessBase"]
[SourceQuality "1"]
[TimeControl "40/5400+30:1800+30"]

1. Nf3 c5 2. c4 g6 3. g3 Bg7 4. Bg2 Nc6 5. O-O Nf6 6. Nc3 O-O 7. d4 d5 8. dxc5 dxc4 9. Qa4 Qa5 10. Qxc4 Be6 11. Qh4 Qxc5 12. Ng5 Qc4 13. e4 h5 14. Nxe6 Qxe6 15. h3 Ne5 16. Nd5 Nxd5 17. exd5 Qb6 18. Qxe7 Rfe8 19. Qa3 Nc4 20. Qd3 Nxb2 21. Bxb2 Qxb2 22. Rab1 Qd4 23. Qxd4 Bxd4 24. Rxb7 Rab8 25. Rxb8 Rxb8 26. Rd1 Bb6 27. d6 Kf8 28. Bc6 Rd8 29. Rd5 Rc8 30. Ba4 Rc4 31. Bb3 Rd4 32. Rxd4 Bxd4 33. Kg2 f6 34. f4 Ke8 35. Kf3 Kd7 36. Bf7 g5 37. Bxh5 Kxd6 38. Bg6 Ke7 39. Kg4 Be3 40. Kf3 gxf4 41. g4 Kf8 42. h4 Kg7 43. Be4 Bc1 44. Bc6 Be3 45. a4 a5 46. Ke2 Kg6 47. Kf3 Kg7 {[%emt 1:22:30]} 48. Bb5 {[%emt 2:03:00]} Kg6 {[%emt 0:00:30]} 49. Bd3+ {[%emt 0:00:30]} Kg7 {[%emt 0:00:30]} 50. Be4 {[%emt 0:00:30]} Bd2 {[%emt 0:00:30]} 51. Ke2 {[%emt 0:00:30]} Be3 {[%emt 0:00:00]} 52. Bc6 {[%emt 0:00:30]} Kh6 {[%emt 0:00:00]} 53. Kf3 {[%emt 0:03:38]} Kg7 {[%emt 0:00:30]} 54. Ke4 {[%emt 0:00:29]} Bf2 {[%emt 0:01:30]} 55. h5 {[%emt 0:00:02]} Bh4 {[%emt 0:00:30]} 56. Kf5 {[%emt 0:00:46]} f3 {[%emt 0:00:30]} 57. Bxf3 {[%emt 0:01:15]} Bg5 {[%emt 0:00:00]} 58. Ke6 {[%emt 0:02:30]} Bh6 {[%emt 0:00:00]} 59. Be4 {[%emt 0:03:22]} Bg5 {[%emt 0:00:00]} 60. Bf5 {[%emt 0:06:56]} Bh6 {[%emt 0:00:00]} 61. Kd7 {[%emt 0:02:10]} Bg5 {[%emt 0:00:30]} 1/2-1/2

[Event "TUR-chT Superleague 2018"]
[Site "Ankara"]
[Date "2018.08.01"]
[Round "8"]
[White "Oksuz, Akin"]
[Black "Benidze, Davit"]
[Result "0-1"]
[WhiteElo "2167"]
[BlackElo "2488"]
[Annotator "ChessBase"]
[PlyCount "108"]
[EventDate "2018.07.25"]
[EventType "team-tourn"]
[EventCountry "TUR"]
[SourceTitle "playchess.com"]
[Source "ChessBase"]
[SourceQuality "1"]
[TimeControl "40/5400+30:1800+30"]

1. d4 g6 2. e4 Bg7 3. c4 d6 4. Nc3 c5 5. d5 e6 6. Bd3 Ne7 7. Nf3 O-O 8. O-O e5 9. Ne1 Nd7 10. Bg5 h6 11. Bh4 g5 12. Bg3 f5 13. exf5 Nxf5 14. Nc2 Nf6 15. Ne4 Nxe4 16. Bxe4 Qe8 17. a3 Bd7 18. Qd3 b5 19. b3 Rb8 20. Rab1 Qe7 21. f3 a5 22. Rfe1 Nxg3 23. hxg3 h5 24. Bh7+ Kh8 25. Bg6 g4 26. Kf2 Qg5 27. Ne3 Bh6 28. Rh1 bxc4 29. Nxc4 Rf6 30. Be4 Rbf8 31. Qe3 Qg7 32. Rxh5 Kg8 33. Qd3 gxf3 34. gxf3 Bg4 35. Rh4 Bxf3 36. Bxf3 Bg5 37. Rg4 Rxf3+ 38. Qxf3 Rxf3+ 39. Kxf3 Qf7+ 40. Ke2 {[%emt 1:15:00]} Qf5 {[%emt 1:13:00]} 41. Rxg5+ {[%emt 0:32:30]} Qxg5 {[%emt 0:30:30]} 42. Rf1 {[%emt 0:00:30]} Qg4+ {[%emt 0:00:30]} 43. Kf2 {[%emt 0:03:30]} Qd4+ {[%emt 0:00:00]} 44. Ne3 {[%emt 0:00:30]} e4 {[%emt 0:00:00]} 45. Re1 {[%emt 0:04:30]} Qb2+ {[%emt 0:00:30]} 46. Kg1 {[%emt 0:00:30]} Qxb3 {[%emt 0:00:00]} 47. Nf5 {[%emt 0:00:00]} Qf3 {[%emt 0:00:00]} 48. Rf1 {[%emt 0:00:00]} Qxa3 {[%emt 0:01:30]} 49. Kg2 {[%emt 0:00:30]} Qb2+ {[%emt 0:00:30]} 50. Kh3 {[%emt 0:01:30]} Qe5 {[%emt 0:00:30]} 51. Kg4 {[%emt 0:00:00]} e3 {[%emt 0:00:00]} 52. Re1 {[%emt 0:01:00]} e2 {[%emt 0:00:00]} 53. Kg5 {[%emt 0:00:30]} a4 {[%emt 0:01:30]} 54. Kg6 {[%emt 0:01:30]} a3 {[%emt 0:00:00]} 0-1

[Event "TUR-chT Superleague 2018"]
[Site "Ankara"]
[Date "2018.08.01"]
[Round "8"]
[White "Ozbay, Ece"]
[Black "Yorgun, Yaren Naz"]
[Result "1-0"]
[WhiteElo "2140"]
[BlackElo "1725"]
[Annotator "NA"]
[PlyCount "57"]
[EventDate "2018.07.25"]
[EventType "team-tourn"]
[EventCountry "TUR"]
[SourceTitle "playchess.com"]
[Source "ChessBase"]
[SourceQuality "1"]
[TimeControl "40/5400+30:1800+30"]

1. e4 e5 2. Nf3 Nc6 3. Bb5 a6 4. Ba4 Nf6 5. O-O Be7 6. Re1 b5 7. Bb3 d6 8. c3 O-O 9. h3 Na5 10. Bc2 d5 11. Nxe5 dxe4 12. b4 Bd6 13. f4 Nb7 14. d4 exd3 15. Bxd3 c5 16. Qf3 cxb4 17. Bd2 bxc3 18. Nxc3 Qb6+ 19. Kh2 Be6 20. Ne4 Nxe4 21. Bxe4 Rab8 22. Be3 Bc5 {[%emt 1:22:35]} 23. f5 {[%emt 1:36:28]} Bc8 {[%emt 0:06:22]} 24. Nc6 {[%emt 0:00:30]} Ra8 {[%emt 0:01:02]} 25. f6 {[%emt 0:01:24]} Bd6+ {[%emt 0:02:53]} 26. Kh1 {[%emt 0:01:05]} Qc7 {[%emt 0:00:06]} 27. Bxh7+ {[%emt 0:01:21]} Kxh7 {[%emt 0:00:45]} 28. Qh5+ {[%emt 0:00:30]} Kg8 {[%emt 0:00:30]} 29. Qg5 {[%emt 0:00:00]} 1-0

[Event "TUR-chT Superleague 2018"]
[Site "Ankara"]
[Date "2018.08.01"]
[Round "8"]
[White "Karagollu, Ahmet"]
[Black "Kinsiz, Onur"]
[Result "1-0"]
[WhiteElo "2127"]
[BlackElo "2204"]
[Annotator "NA"]
[PlyCount "155"]
[EventDate "2018.07.25"]
[EventType "team-tourn"]
[EventCountry "TUR"]
[SourceTitle "playchess.com"]
[Source "ChessBase"]
[SourceQuality "1"]
[TimeControl "40/5400+30:1800+30"]

1. e4 c5 2. Nf3 Nc6 3. Bb5 g6 4. O-O Bg7 5. Re1 Nf6 6. c3 O-O 7. d4 cxd4 8. cxd4 d5 9. e5 Ne4 10. Nbd2 Nxd2 11. Bxd2 Qb6 12. Qa4 Bg4 13. Bxc6 bxc6 14. Ba5 Qb5 15. Qxb5 cxb5 16. Bb4 Bxf3 17. gxf3 Rfe8 18. Rac1 a5 19. Bd2 e6 20. Rc5 Reb8 21. Rec1 Bf8 22. Rc7 a4 23. Kf1 h5 24. Ke2 Kg7 25. Kd3 b4 26. Bg5 Re8 27. R1c6 Kg8 28. h3 Reb8 29. Rc1 Re8 30. Bd2 Reb8 31. Bg5 Re8 32. f4 Kg7 33. f3 Kg8 34. f5 exf5 35. Rd7 Rec8 36. Rxc8 Rxc8 37. Rxd5 a3 38. bxa3 bxa3 39. Rd8 Rxd8 40. Bxd8 {[%emt 1:08:00]} Bg7 {[%emt 1:20:00]} 41. Bc7 {[%emt 0:33:30]} g5 {[%emt 0:40:36]} 42. Bd8 {[%emt 0:02:30]} Bh6 {[%emt 0:05:19]} 43. Be7 {[%emt 0:01:30]} g4 {[%emt 0:01:57]} 44. hxg4 {[%emt 0:00:00]} fxg4 {[%emt 0:00:50]} 45. fxg4 {[%emt 0:00:00]} hxg4 {[%emt 0:00:00]} 46. Ke4 {[%emt 0:00:30]} Bc1 {[%emt 0:09:27]} 47. d5 {[%emt 0:00:30]} g3 {[%emt 0:01:10]} 48. Kf3 {[%emt 0:00:30]} Bb2 {[%emt 0:01:17]} 49. Bf6 {[%emt 0:00:30]} Kf8 {[%emt 0:00:00]} 50. Kxg3 {[%emt 0:00:30]} Ke8 {[%emt 0:00:00]} 51. Kf4 {[%emt 0:00:30]} Kd7 {[%emt 0:01:40]} 52. Kf5 {[%emt 0:00:00]} Bc1 {[%emt 0:00:04]} 53. Bg5 {[%emt 0:01:00]} Bb2 {[%emt 0:00:13]} 54. Be3 {[%emt 0:00:30]} Bc3 {[%emt 0:00:18]} 55. Ke4 {[%emt 0:00:30]} Bb2 {[%emt 0:00:51]} 56. Kf5 {[%emt 0:01:30]} Bc3 {[%emt 0:00:22]} 57. Kf6 {[%emt 0:00:30]} Bb2 {[%emt 0:02:23]} 58. Bc5 {[%emt 0:00:30]} Ke8 {[%emt 0:00:30]} 59. Bd6 {[%emt 0:00:00]} Bc1 {[%emt 0:00:58]} 60. e6 {[%emt 0:00:00]} Bb2+ {[%emt 0:00:45]} 61. Kf5 {[%emt 0:00:30]} Bc1 {[%emt 0:01:14]} 62. Bb4 {[%emt 0:01:30]} fxe6+ {[%emt 0:01:00]} 63. Kxe6 {[%emt 0:00:00]} Bf4 {[%emt 0:00:00]} 64. Bxa3 {[%emt 0:00:00]} Kd8 {[%emt 0:00:11]} 65. Bd6 {[%emt 0:00:30]} Bd2 {[%emt 0:00:08]} 66. Be7+ {[%emt 0:00:30]} Kc8 {[%emt 0:00:43]} 67. d6 {[%emt 0:00:30]} Ba5 {[%emt 0:00:00]} 68. d7+ {[%emt 0:00:30]} Kb7 {[%emt 0:00:24]} 69. Kd5 {[%emt 0:00:30]} Bb6 {[%emt 0:01:07]} 70. a4 {[%emt 0:01:30]} Bc7 {[%emt 0:00:39]} 71. Kc5 {[%emt 0:00:00]} Ba5 {[%emt 0:00:28]} 72. Kb5 {[%emt 0:01:00]} Bb6 {[%emt 0:00:37]} 73. a5 {[%emt 0:00:30]} Bc7 {[%emt 0:00:05]} 74. Bf6 {[%emt 0:00:30]} Ka8 {[%emt 0:00:54]} 75. a6 {[%emt 0:01:30]} Ka7 {[%emt 0:01:08]} 76. Bd4+ {[%emt 0:00:00]} Ka8 {[%emt 0:00:21]} 77. Bb6 {[%emt 0:00:00]} Bb8 {[%emt 0:00:44]} 78. a7 {[%emt 0:00:00]} 1-0

[Event "TUR-chT Superleague 2018"]
[Site "Ankara"]
[Date "2018.08.01"]
[Round "8"]
[White "Bozbey, Ali"]
[Black "Tasdogen, Dincer"]
[Result "0-1"]
[WhiteElo "2126"]
[BlackElo "2280"]
[Annotator "NA"]
[PlyCount "118"]
[EventDate "2018.07.25"]
[EventType "team-tourn"]
[EventCountry "TUR"]
[SourceTitle "playchess.com"]
[Source "ChessBase"]
[SourceQuality "1"]
[TimeControl "40/5400+30:1800+30"]

1. e4 c5 2. Na3 g6 3. c3 Bg7 4. Nf3 Nf6 5. e5 Nd5 6. Bc4 Nb6 7. O-O O-O 8. d4 cxd4 9. cxd4 d6 10. Bf4 dxe5 11. Bxe5 Nxc4 12. Nxc4 Be6 13. Bxg7 Kxg7 14. Ne3 Bd5 15. Ne5 Qd6 16. Qg4 Be6 17. Qe4 Nc6 18. Nxc6 bxc6 19. Rac1 Rfc8 20. b3 a5 21. Nc4 Qb4 22. Qe5+ Kg8 23. Qc5 Rd8 24. Qxc6 Rac8 25. Qb6 Bxc4 26. Qxb4 axb4 27. Rxc4 Rxc4 28. bxc4 Rxd4 29. Rc1 Rd2 30. c5 Rxa2 31. c6 Ra8 32. c7 Rc8 33. Kf1 b3 34. Rb1 Rxc7 35. Rxb3 Kg7 36. Ke2 Rc2+ 37. Ke3 Rc6 38. g3 e5 39. h4 Kf6 40. Ra3 Kf5 41. Ra7 Ke6 42. Ra3 h5 43. Rb3 Kf5 44. f3 {[%emt 1:44:00]} Rc2 {[%emt 1:44:00]} 45. Rb4 {[%emt 0:00:30]} Rg2 {[%emt 0:00:30]} 46. Re4 {[%emt 0:00:30]} Rxg3 {[%emt 0:01:30]} 47. Kf2 {[%emt 0:00:30]} Rg4 {[%emt 0:00:30]} 48. Re3 {[%emt 0:02:30]} Rxh4 {[%emt 0:00:00]} 49. Kg3 {[%emt 0:00:30]} Ra4 {[%emt 0:00:00]} 50. Rb3 {[%emt 0:00:00]} f6 {[%emt 0:00:00]} 51. Rc3 {[%emt 0:00:00]} g5 {[%emt 0:00:00]} 52. Rb3 {[%emt 0:00:00]} h4+ {[%emt 0:00:30]} 53. Kh3 {[%emt 0:00:00]} e4 {[%emt 0:00:30]} 54. fxe4+ {[%emt 0:00:30]} Rxe4 {[%emt 0:00:00]} 55. Rb5+ {[%emt 0:00:30]} Kf4 {[%emt 0:00:00]} 56. Rb2 {[%emt 0:00:00]} Re3+ {[%emt 0:00:30]} 57. Kg2 {[%emt 0:00:00]} f5 {[%emt 0:00:30]} 58. Rb4+ {[%emt 0:00:00]} Re4 {[%emt 0:00:00]} 59. Rb3 {[%emt 0:00:00]} Ke5 {[%emt 0:00:00]} 0-1

[Event "TUR-chT Superleague 2018"]
[Site "Ankara"]
[Date "2018.08.01"]
[Round "8"]
[White "Korkmaz, Necmettin"]
[Black "Keler, Faruk"]
[Result "0-1"]
[WhiteElo "2056"]
[BlackElo "2286"]
[Annotator "NA"]
[PlyCount "112"]
[EventDate "2018.07.25"]
[EventType "team-tourn"]
[EventCountry "TUR"]
[SourceTitle "playchess.com"]
[Source "ChessBase"]
[SourceQuality "1"]
[TimeControl "40/5400+30:1800+30"]

1. e4 c5 2. Nc3 d6 3. f4 Nc6 4. Nf3 g6 5. Bc4 Bg7 6. O-O e6 7. d3 Nge7 8. Qe1 Nd4 9. Nxd4 cxd4 10. Ne2 h6 11. b4 O-O 12. Bb3 e5 13. fxe5 dxe5 14. Qh4 Nc6 15. Qg3 Qd6 16. b5 Na5 17. Bd5 Be6 18. a4 Rfc8 19. Bxh6 Bxd5 20. Bxg7 Kxg7 21. exd5 Qxd5 22. Qg5 Rh8 23. Ng3 Qe6 24. Rae1 f6 25. Qd2 b6 26. Ne4 Raf8 27. c3 Nb3 28. Qc2 dxc3 29. Qxc3 Rc8 30. Qb4 Rhf8 31. Nd6 Rcd8 {[%emt 1:44:08]} 32. Ne4 {[%emt 1:43:23]} Rxd3 {[%emt 0:00:30]} 33. Ng5 {[%emt 0:01:19]} Qd6 {[%emt 0:00:30]} 34. Qc4 {[%emt 0:00:30]} Qd4+ {[%emt 0:00:30]} 35. Qxd4 {[%emt 0:00:30]} Nxd4 {[%emt 0:00:30]} 36. Ne4 {[%emt 0:01:32]} Ra3 {[%emt 0:00:27]} 37. Ra1 {[%emt 0:00:32]} Rxa1 {[%emt 0:00:35]} 38. Rxa1 {[%emt 0:00:01]} Rc8 {[%emt 0:00:02]} 39. Nd6 {[%emt 0:00:36]} Rc2 {[%emt 0:00:32]} 40. a5 {[%emt 0:00:00]} Rb2 {[%emt 0:00:00]} 41. axb6 {[%emt 0:01:07]} axb6 {[%emt 0:01:46]} 42. Ra7+ {[%emt 0:00:30]} Kh6 {[%emt 0:01:30]} 43. Rb7 {[%emt 0:04:30]} Nxb5 {[%emt 0:09:30]} 44. Rxb6 {[%emt 0:00:30]} Rb1+ {[%emt 0:00:30]} 45. Kf2 {[%emt 0:00:30]} Nc3 {[%emt 0:00:30]} 46. Ra6 {[%emt 0:03:30]} Nd5 {[%emt 0:08:01]} 47. Nf7+ {[%emt 0:11:02]} Kh5 {[%emt 0:02:37]} 48. Rd6 {[%emt 0:00:59]} Rd1 {[%emt 0:00:37]} 49. h3 {[%emt 0:00:54]} e4 {[%emt 0:01:21]} 50. Rd8 {[%emt 0:04:46]} g5 {[%emt 0:00:51]} 51. g4+ {[%emt 0:01:16]} Kg6 {[%emt 0:00:11]} 52. Nd6 {[%emt 0:01:00]} e3+ {[%emt 0:01:25]} 53. Ke2 {[%emt 0:02:03]} Rd2+ {[%emt 0:00:06]} 54. Kf3 {[%emt 0:01:15]} Rf2+ {[%emt 0:02:27]} 55. Kg3 {[%emt 0:00:15]} Nf4 {[%emt 0:01:37]} 56. Re8 {[%emt 0:01:56]} Ne2# {[%emt 0:00:08]} 0-1

[Event "TUR-chT Superleague 2018"]
[Site "Ankara"]
[Date "2018.08.01"]
[Round "8"]
[White "Kitir, Ahmet"]
[Black "Solak, Dragan"]
[Result "0-1"]
[WhiteElo "2020"]
[BlackElo "2603"]
[Annotator "TA"]
[PlyCount "82"]
[EventDate "2018.07.25"]
[EventType "team-tourn"]
[EventCountry "TUR"]
[SourceTitle "playchess.com"]
[Source "ChessBase"]
[SourceQuality "1"]

{[%evp 9,82,-17,-20,-24,-29,-27,-17,-32,-21,-36,-28,-42,-53,-45,-48,-50,-44,-55,-46,-91,-64,-75,-58,-50,-18,-18,-29,-13,-19,-16,-21,-21,-24,-27,0,-27,-20,-12,-46,-88,-89,-96,-87,-81,-94,-151,-152,-152,-157,-243,-238,-278,-252,-270,-266,-437,-240,-361,-237,-568,-431,-439,-432,-698,-727,-778,-776,-931,-860,-1228,-1292,-1150,-1123,-1022,-998]} 1. e4 c5 2. Nf3 e6 3. b3 b6 4. Bd3 Nc6 5. c4 $146 ({Vorgänger:} 5. O-O Nf6 6. e5 Ng4 7. Bb2 d6 8. exd6 Bxd6 9. Na3 Bb7 10. Re1 a6 11. Nc4 Bc7 {½-½ (22) Hernandez Guerrero,G (2525)-Flores,D (2609) Arica 2017}) 5... d6 6. O-O {B40: Sizilianisch (Klassisches System mit e7-e6)} g6 7. Bb2 e5 8. Nc3 {Die Stellung ist ausgeglichen.} Bg7 9. Nd5 Nge7 10. Nxe7 Qxe7 11. Ne1 O-O 12. Nc2 f5 13. exf5 gxf5 14. Re1 Bb7 15. Re3 Rf6 16. Qh5 Qf7 17. Rh3 Qxh5 18. Rxh5 Raf8 19. Re1 Nd4 20. Ne3 e4 21. Bb1 Rh6 22. Rg5 {[#] Droht stark Lxd4.} Rg6 $36 {[%mdl 2048] Schwarz drückt.} 23. Rxg6 hxg6 24. Bc3 b5 25. cxb5 Nxb5 26. Bxg7 Kxg7 27. d3 {[#]} (27. h3 $142) 27... Nc3 $1 $17 28. dxe4 fxe4 29. Nc2 (29. Bc2 $17) 29... Ba6 $19 30. f3 exf3 31. gxf3 Rxf3 32. b4 $2 (32. Kg2 Bb7 33. Kg1) 32... Kh6 (32... Rf4 $142 33. bxc5 Ne2+ 34. Kg2 dxc5) 33. Kg2 (33. bxc5 $142 dxc5 34. Kg2) 33... Rd3 34. Na3 $2 (34. bxc5 {war die entscheidende Verteidigung.} dxc5 35. Na3 Rd2+ 36. Kg3) 34... Nxb1 {Schwarz steht klar auf Gewinn.} 35. Nxb1 {Falls Weiss jetzt zu bxc5 käme, bestünde noch etwas Hoffnung.} cxb4 {[%mdl 4096] Endspiel KTL-KTS} 36. Kf2 (36. Re2 $142) 36... Bc4 37. Re2 Rh3 38. Re4 d5 39. Rd4 Rxh2+ 40. Ke3 Rxa2 41. Nd2 Ra3+ {Precision: Weiß = 35%, Schwarz = 78%.} 0-1